000 00538 a2200241 4500
260 _bfayard
245 _aL'Attentat : le juge Buguière accuse Kadhafi
300 _a302 p.
650 _aviolence
650 _aconflit
650 _aLibye
260 _aParis
300 _b23 cm
260 _c1992
100 _lFr
630 _a34 - Droit. Jurisprudence. Legislation
037 _aL. 12179
650 _a3 - SCIENCES SOCIALES
100 _aPontaut, Jean-Marie
020 _a2-213-02930-X
999 _c35249
_d35249